Maschio allo specchio /

Saved in:
Bibliografiske detaljer
Hovedforfatter: Paniccia, Roberto (Author)
Format: Bog
Sprog:italiensk
Udgivet: Firenze : Firenze libri, s1988
Serier:Serie jester
Tags: Tilføj Tag
Ingen Tags, Vær først til at tagge denne postø!

MARC

LEADER 00000nam a22000007i 4500
001 IT\ICCU\UBO\3176929
003 ItRI
005 20260225171408.0
008 070402s1988 it |||||| ||||| |||||c
040 |b ita  |c ct 
041 7 |a ita  |2 ISO-639-2 
100 1 |a Paniccia, Roberto  |0 IT\ICCU\UBOV\094070  |4 aut 
245 1 0 |a Maschio allo specchio /  |c Roberto Paniccia. 
260 |a Firenze :  |b Firenze libri,  |c s1988 
300 |a 59 p. ;  |c 17 cm. 
830 0 |a Serie jester  |0 IT\ICCU\VIA\0031848 
942 |2 ddc  |c BK 
952 |0 0  |1 0  |2 ddc  |4 0  |6 B_LPS01PANROMAS11  |7 0  |9 5353  |a MI  |b MI  |d 1990-01-18  |i 4707  |l 0  |o B-LPS01-PANRO-MAS11  |p CDOM4707  |r 2025-07-13 16:27:57  |w 2025-07-13  |x DONO  |y BK 
952 |0 0  |1 0  |4 0  |6 DOC_851_914000000000000_PAN  |7 0  |9 24663  |a BO  |b BO  |d 2026-01-15  |i 2208  |l 0  |o DOC 851.914 PAN  |p BO2208  |r 2026-01-15 23:23:42  |w 2026-01-15  |x [Sebina 5] [1 v.]  |y BK  |z 1 v. 
999 |c 4273  |d 4273